Datamation For Managers of Information Technology Worldwide
Na minha lista:
| Formato: | Periódico |
|---|---|
| Idioma: | inglês |
| Publicado em: |
Newton
Cahners Publ. Co.
1990
|
| Assuntos: | |
| Tags: |
Sem tags, seja o primeiro a adicionar uma tag!
|
MARC
| LEADER | 00000nas2a2200000 4500 | ||
|---|---|---|---|
| 001 | s018607 | ||
| 005 | 20240109090948.6 | ||
| 022 | |a 0011-6963 | ||
| 041 | 0 | |a eng | |
| 044 | |a US | ||
| 245 | 1 | 0 | |a Datamation |b For Managers of Information Technology Worldwide |
| 264 | 1 | |a Newton |b Cahners Publ. Co. |c 1990 | |
| 300 | |a 1 zv. | ||
| 773 | 0 | |w eu_un_cat*s120621 | |
| 610 | 2 | 0 | |a systémy počítačové |
| 610 | 2 | 0 | |a technológie komunikačné |
| 610 | 2 | 0 | |a spracovanie dát |